Normal view
MARC view
Entry Topical Term
001 - CONTROL NUMBER
- control field: 755053
003 - CONTROL NUMBER IDENTIFIER
- control field: OSt
005 - DATE AND TIME OF LATEST TRANSACTION
- control field: 20250507130249.0
008 - FIXED-LENGTH DATA ELEMENTS
- fixed length control field: 250507|| aca||aabn | a|a d
040 ## - CATALOGING SOURCE
- Original cataloging agency: OSt
- Transcribing agency: OSt
150 ## - HEADING--TOPICAL TERM
- Topical term or geographic name entry element: Chinese History; Politics - Taiwan
670 ## - SOURCE DATA FOUND
- Source citation: Work cat.: (OSt)1318647: Wu Chung-Li 669165, Charge me if you can: Assesing political biases in vote-buying verdicts in democratic Taiwan (2000-2010), 2012
